[Event "Phuket Blue Chevaliers op"]
[Site "Phuket"]
[Date "2023.07.23"]
[Round "1"]
[White "Badmatsyrenov, Oleg"]
[Black "Jackson, John Marvin"]
[Result "1-0"]
[WhiteElo "2440"]
[BlackElo "1594"]
[PlyCount "38"]
[EventDate "2023.07.23"]
[EventType "swiss"]
[EventRounds "9"]
[EventCountry "THA"]
[SourceTitle "CBM 215 Extra"]
[Source "ChessBase"]
[SourceDate "2023.09.30"]
[SourceVersion "1"]
[SourceVersionDate "2023.09.30"]
[SourceQuality "1"]

1. e4 c6 2. d4 d5 3. Nc3 dxe4 4. Bc4 Nf6 5. f3 exf3 6. Nxf3 Bf5 7. 0-0 e6 8. Ne5 Be7 9. Rxf5 exf5 10. Nxf7 Qc7 11. Nxh8 Nbd7 12. Nf7 Nb6 13. Bb3 Nbd5 14. Nxd5 cxd5 15. Ne5 Rd8 16. Bf4 Qb6 17. c3 g6 18. Bh6 Rd6 19. Ba4+ Kd8 1-0

[Event "Penang op 11th"]
[Site "Penang"]
[Date "2019.12.11"]
[Round "4"]
[White "Jackson, John Marvin"]
[Black "Koelbl, Wolfgang"]
[Result "1/2-1/2"]
[WhiteElo "1595"]
[BlackElo "1846"]
[PlyCount "72"]
[EventDate "2019.12.09"]
[EventType "swiss"]
[EventRounds "9"]
[EventCountry "MAS"]
[SourceTitle "CBM 193 Extra"]
[Source "ChessBase"]
[SourceDate "2020.01.31"]
[SourceVersion "1"]
[SourceVersionDate "2020.01.31"]
[SourceQuality "1"]

1. Nf3 f5 2. d4 Nf6 3. c4 g6 4. b3 Bg7 5. g3 0-0 6. Bg2 d6 7. 0-0 Ne4 8. Bb2 c6 9. Nbd2 d5 10. Qc2 Be6 11. Rac1 Nd7 12. e3 Rc8 13. Ne1 Qe8 14. Nd3 g5 15. f3 Nef6 16. e4 dxe4 17. fxe4 Ng4 18. Rce1 f4 19. gxf4 gxf4 20. Nxf4 Bf7 21. h3 Ngf6 22. Kh1 Kh8 23. e5 Nh5 24. e6 Ng3+ 25. Kh2 Nxf1+ 26. Rxf1 Nf6 27. exf7 Qxf7 28. d5 cxd5 29. Nxd5 b6 30. Nxf6 Bxf6 31. Bxf6+ exf6 32. Qf5 Rc5 33. Bd5 Qc7+ 34. Qf4 Qxf4+ 35. Rxf4 Rc7 36. Ne4 Kg7 1/2-1/2

[Event "Pattaya op"]
[Site "Pattaya"]
[Date "2019.10.27"]
[Round "6"]
[White "Wongsawan, Thoetsak"]
[Black "Jackson, John Marvin"]
[Result "1/2-1/2"]
[WhiteElo "1869"]
[BlackElo "1599"]
[PlyCount "113"]
[EventDate "2019.10.23"]
[EventType "swiss"]
[EventRounds "9"]
[EventCountry "THA"]
[SourceTitle "CBM 195 Extra"]
[Source "ChessBase"]
[SourceDate "2020.05.31"]
[SourceVersion "1"]
[SourceVersionDate "2020.05.31"]
[SourceQuality "1"]

1. e4 c6 2. d4 d5 3. exd5 cxd5 4. Bd3 Nc6 5. c3 Nf6 6. Bf4 Bg4 7. Qb3 Qc8 8. Nd2 e6 9. Ngf3 Be7 10. 0-0 0-0 11. Rae1 Bh5 12. Ne5 Nd7 13. Qc2 Ndxe5 14. dxe5 Bg6 15. Bxg6 hxg6 16. Nf3 Qc7 17. Qd2 b5 18. Bg5 b4 19. Qf4 f6 20. exf6 e5 21. Qg4 Bxf6 22. Qe6+ Kh8 23. Qxd5 bxc3 24. Re4 Rf7 25. Rh4+ Kg8 26. Rc4 Rc8 27. Bxf6 gxf6 28. Rxc3 Qb6 29. Nh4 Kg7 30. Rg3 Ne7 31. Qe4 g5 32. Nf5+ Nxf5 33. Qxf5 Rh8 34. b3 Qd4 35. Rg4 Qb2 36. Ra4 Rd8 37. h4 Rd4 38. Rxd4 exd4 39. hxg5 fxg5 40. Qxg5+ Kf8 41. Qh6+ Kg8 42. Qg6+ Kf8 43. Qb1 Qd2 44. b4 d3 45. a3 Qe2 46. Qd1 Qe4 47. Re1 Qh4 48. g3 Qd4 49. Re3 Qb2 50. Rf3 Qe2 51. Rxf7+ Kxf7 52. Qf1 Qc2 53. Qh3 d2 54. Qd7+ Kf8 55. Qd8+ Kf7 56. Qd7+ Kf8 57. Qd8+ 1/2-1/2

[Event "Pattaya op"]
[Site "Pattaya"]
[Date "2019.10.26"]
[Round "5"]
[White "Jackson, John Marvin"]
[Black "Kondrak, Christof"]
[Result "1/2-1/2"]
[WhiteElo "1599"]
[BlackElo "2103"]
[PlyCount "104"]
[EventDate "2019.10.23"]
[EventType "swiss"]
[EventRounds "9"]
[EventCountry "THA"]
[SourceTitle "CBM 195 Extra"]
[Source "ChessBase"]
[SourceDate "2020.05.31"]
[SourceVersion "1"]
[SourceVersionDate "2020.05.31"]
[SourceQuality "1"]

1. Nf3 d5 2. g3 c5 3. Bg2 Nc6 4. d4 e6 5. 0-0 Nf6 6. c4 dxc4 7. Qa4 Bd7 8. Qxc4 cxd4 9. Nxd4 Rc8 10. Nc3 a6 11. Rd1 Nxd4 12. Qxd4 Bc5 13. Qf4 Qb6 14. e3 0-0 15. Na4 Bxa4 16. Qxa4 Rfd8 17. Bd2 Qxb2 18. Rab1 Qa3 19. Qxa3 Bxa3 20. Ba5 Rxd1+ 21. Rxd1 b5 22. Bb7 Rc4 23. Rd8+ Bf8 24. a3 h5 25. Bb4 Nh7 26. Bxa6 g5 27. Bxb5 Rc1+ 28. Kg2 Kg7 29. Bxf8+ Nxf8 30. a4 Ra1 31. Ra8 g4 32. Bc6 Ng6 33. a5 Ne5 34. Bb7 Nd3 35. h3 Ne1+ 36. Kh2 Nf3+ 37. Bxf3 gxf3 38. g4 h4 39. a6 Rf1 40. a7 Rxf2+ 41. Kg1 Ra2 42. Kf1 Kf6 43. Rh8 Rxa7 44. Kf2 Kg7 45. Rxh4 Ra5 46. Kxf3 f6 47. Kf4 Ra4+ 48. e4 Kg6 49. Rh8 e5+ 50. Kf3 Ra3+ 51. Ke2 Ra2+ 52. Ke3 Ra3+ 1/2-1/2

[Event "Pattaya op"]
[Site "Pattaya"]
[Date "2019.10.24"]
[Round "2"]
[White "Jackson, John Marvin"]
[Black "Ho, Xinglun Royce"]
[Result "1/2-1/2"]
[WhiteElo "1599"]
[BlackElo "1790"]
[PlyCount "133"]
[EventDate "2019.10.23"]
[EventType "swiss"]
[EventRounds "9"]
[EventCountry "THA"]
[SourceTitle "CBM 195 Extra"]
[Source "ChessBase"]
[SourceDate "2020.05.31"]
[SourceVersion "1"]
[SourceVersionDate "2020.05.31"]
[SourceQuality "1"]

1. Nf3 Nf6 2. g3 g6 3. b3 Bg7 4. Bb2 0-0 5. Bg2 d6 6. d4 c5 7. c4 Nbd7 8. 0-0 a6 9. Nc3 Rb8 10. e4 e6 11. Re1 b5 12. cxb5 axb5 13. a4 bxa4 14. Nxa4 Nb6 15. dxc5 Nxa4 16. Rxa4 dxc5 17. Ba3 Bd7 18. Rc4 Bb5 19. Qxd8 Rfxd8 20. Rcc1 Bd3 21. Ne5 Rxb3 22. Bxc5 Ba6 23. Red1 Rc8 24. Be3 Rxc1 25. Rxc1 Nxe4 26. Nd7 Nc3 27. Bf3 Bb5 28. Nc5 Ra3 29. Ne4 Bc6 30. Nxc3 Bxf3 31. Nb5 Ra8 32. Nd4 Bd5 33. h4 h5 34. Nb5 Bb2 35. Rb1 Be4 36. Rd1 Bf6 37. Nd6 Bd5 38. Nb5 Rb8 39. Nc7 Bf3 40. Rc1 Rb4 41. Na6 Ra4 42. Nc5 Ra8 43. Nd7 Bg7 44. Nb6 Rd8 45. Rc8 Bf6 46. Rxd8+ Bxd8 47. Nd7 f6 48. Nc5 Kf7 49. Kf1 g5 50. hxg5 fxg5 51. Nd3 Be4 52. Ke2 Kf6 53. f3 Bxd3+ 54. Kxd3 Bc7 55. f4 gxf4 56. gxf4 Kf5 57. Ke2 Bxf4 58. Bd4 Kg4 59. Kf2 e5 60. Bxe5 Bxe5 61. Kg2 Bd4 62. Kh2 h4 63. Kg2 Kf4 64. Kh2 Kf3 65. Kh1 Kf2 66. Kh2 Be5+ 67. Kh1 1/2-1/2